Costa Rica aceptó el acta Contadora

Spremljeno u:
Bibliografski detalji
Format: Tekst
Izdano: s.l.: s.e
Oznake: Dodaj oznaku
Bez oznaka, Budi prvi tko označuje ovaj zapis!

MARC

LEADER 00000 a a2200000 04500
001 22904
003
040
090 |a 158200  
245 |a Costa Rica aceptó el acta Contadora  
260 |a s.l.:   |b s.e  
300 |a p. irreg.  
999 |c 2517  |d 2517